| 000 | 00374nam a2200145Ia 4500 | ||
|---|---|---|---|
| 008 | 150201s2013 xx 000 0 und d | ||
| 082 |
_a612.015 _bT12B |
||
| 100 | _aBURTIS, CARL A. | ||
| 245 | _aTIETZ TB. OF CLINICAL CHEMISTRY & MOLECULAR DIAGNOSTICS | ||
| 250 | _a5TH | ||
| 260 |
_bELSEVIER _aINDIA _c2013 |
||
| 300 | _aJan-38 | ||
| 650 | _aBIOCHEMISTRY | ||
| 942 |
_2ddc _cBK |
||
| 999 |
_c1637 _d1637 |
||